=LDR 00000nam 2200000 4500 =001 INLIS000000000007929 =005 20130612095845 =008 ***********************************Ind** =035 ##$$0010-061300000007929 =041 ##$$a Ind =082 ##$$a 005.756 5 =090 ##$$a 005.756 5, Her m =100 ##$$a Heryanto =245 ##$$a Mari membuat kamus dengan dbase dan clipper, Heryanto =260 ##$$a 1991 $b Jakarta =300 ##$$a vi, 58 hlm, 20 cm =650 ##$$a Komputer-Program d base